Billy and the magic string / (Record no. 9147)

MARC details
000 -LEADER
fixed length control field 01253pam a2200385 a 4500
001 - CONTROL NUMBER
control field 9147
003 - CONTROL NUMBER IDENTIFIER
control field FISKH
005 - DATE AND TIME OF LATEST TRANSACTION
control field 20251126084359.0
008 - FIXED-LENGTH DATA ELEMENTS--GENERAL INFORMATION
fixed length control field 940511s1994 njua j 000 1 eng
010 ## - LIBRARY OF CONGRESS CONTROL NUMBER
LC control number 94020116
020 ## - INTERNATIONAL STANDARD BOOK NUMBER
International Standard Book Number 0816735956
Qualifying information hbk.
020 ## - INTERNATIONAL STANDARD BOOK NUMBER
International Standard Book Number 0816734259
Qualifying information pbk.
020 ## - INTERNATIONAL STANDARD BOOK NUMBER
International Standard Book Number 9780816735952
Qualifying information (hbk.)
020 ## - INTERNATIONAL STANDARD BOOK NUMBER
International Standard Book Number 9780816734252
Qualifying information (pbk.)
035 ## - SYSTEM CONTROL NUMBER
System control number 3486942
040 ## - CATALOGING SOURCE
Original cataloging agency DLC
Transcribing agency DLC
Modifying agency DLC
Language of cataloging េនង
050 00 - LIBRARY OF CONGRESS CALL NUMBER
Classification number PZ8.3.K1268
Item number Bi 1994
082 ## - DEWEY DECIMAL CLASSIFICATION NUMBER
Classification number 554
100 1# - MAIN ENTRY--PERSONAL NAME
Personal name Karnovsky, Susan.
245 10 - TITLE STATEMENT
Title Billy and the magic string /
Statement of responsibility, etc. by Susan Karnovsky ; illustrated by Chris Demarest.
260 ## - PUBLICATION, DISTRIBUTION, ETC.
Place of publication, distribution, etc. Mahwah :
Name of publisher, distributor, etc. Troll Associates,
Date of publication, distribution, etc. 1994.
300 ## - PHYSICAL DESCRIPTION
Extent 21 unnumbered pages :
Other physical details color illustrations ;
Dimensions 21 cm
505 ## - FORMATTED CONTENTS NOTE
Formatted contents note H<br/>
520 ## - SUMMARY, ETC.
Summary, etc. Billy finds a magic string and together they share some exciting fun.
521 8# - TARGET AUDIENCE NOTE
Target audience note 430<br/><br/>
Source Lexile estimate<br/>
521 8# - TARGET AUDIENCE NOTE
Target audience note H<br/><br/>
Source Raz-Plus<br/>
650 #1 - SUBJECT ADDED ENTRY--TOPICAL TERM
Topical term or geographic name entry element String
Form subdivision Fiction.
650 #1 - SUBJECT ADDED ENTRY--TOPICAL TERM
Topical term or geographic name entry element African Americans
Form subdivision Fiction.
650 #1 - SUBJECT ADDED ENTRY--TOPICAL TERM
Topical term or geographic name entry element Stories in rhyme.
655 #7 - INDEX TERM--GENRE/FORM
Genre/form data or focus term Fiction.
Source of term lcgft
Authority record control number or standard number https://id.loc.gov/authorities/genreForms/gf2014026339
700 1# - ADDED ENTRY--PERSONAL NAME
Personal name Demarest, Chris L.,
Relator term illustrator
906 ## - LOCAL DATA ELEMENT F, LDF (RLIN)
a 7
b cbc
c orignew
d 1
e ocip
f 19
g y-gencatlg
942 ## - ADDED ENTRY ELEMENTS (KOHA)
Source of classification or shelving scheme Dewey Decimal Classification
Koha item type Books
Suppress in OPAC No
Holdings
Withdrawn status Lost status Source of classification or shelving scheme Damaged status Not for loan Collection Home library Current library Shelving location Date acquired Total Checkouts Full call number Barcode Date last seen Copy number Price effective from Koha item type
    Dewey Decimal Classification     Juvenile Fiction Footprints International School Library Network Toul Tom Poung Campus Footprints International School Library Network Toul Tom Poung Campus TTP Primary Dark Blue Bookshelves 11/25/2025   KAR 554 PZ8.K1268 B 2025-4904 11/25/2025 1 11/25/2025 Books